Zdaňovanie - otázky z daňového tabu a časté chyby

Pokračovanie príspevku z predchádzajúceho čísla. Daňová prevencia. Daňová gramotnosť.

Salvato in:
Dettagli Bibliografici
Autore principale: Burák, Emil
Natura: Capitolo di libro
Lingua:slovacco
Soggetti:
Tags: Aggiungi Tag
Nessun Tag, puoi essere il primo ad aggiungerne!!

MARC

LEADER 00000naa a2200000 4500
001 0198629
005 20231207113038.1
041 0 |a slo 
044 |a SK 
245 1 0 |a Zdaňovanie - otázky z daňového tabu a časté chyby  |c Emil Burák 
520 |a Pokračovanie príspevku z predchádzajúceho čísla. Daňová prevencia. Daňová gramotnosť. 
610 2 0 |a zdaňovanie 
610 2 0 |a daňovníci 
610 2 0 |a poriadok daňový 
610 2 0 |a optimalizácia daňová 
100 1 |a Burák, Emil